Zola ou Emile - Statistiques

Statistiques générales
  • Ce quiz a été pris 111 fois
  • Le résultat moyen est 8 sur 12
Statistiques - réponses
Question Réponse % Correct
Tu veux savoir si la Terre est ronde ? Poto, mets-toi à plat. Zola
96%
Grâce à Dieu, on s’en sort, j’vais peut-être quitter la Terre ce soir. Zola
90%
La qualité d’mon écriture, mes soucis m’ont défiguré. Zola
81%
Le sang de l'un allait à la poitrine de l'autre en passant par leurs poings unis. Emile Zola
80%
Quand on est bonne mère, ça fais tout pardonner. Emile Zola
75%
L'argent est le fumier dans lequel pousse l'humanité de demain. Emile Zola
75%
Décidément, on n'aime bien que les femmes qu'on n'a pas eues. Emile Zola
70%
On mène pas une vie drôle mais une drôle de vie. Zola
70%
Maman a perdu son emploi, le goût du repas devenait vilain Zola
69%
Parti pour mieux revenir, éternel insatisfait, il faut tout le temps que je fasse mieux. Zola
44%
Crever pour crever, je préfère crever de passion que de crever d'ennui. Emile Zola
42%
Le ciel et le cul, les deux grands leviers. Emile Zola
21%
Aucun quiz correspondant
Distribution des résultats
% des personnes avec chaque résultat
Percentile par nombre de réponses
Votre historique - résultats
Vous n’avez pas pris ce quiz